| 000 | 00603cab a2200205 4500 | ||
|---|---|---|---|
| 001 | ABS38069 | ||
| 008 | 090401t1987 xxu||||| |||| 00| 0 eng d | ||
| 035 | _a(Sirsi) u8540 | ||
| 041 | _aeng | ||
| 100 | _aWilliams, D.W. | ||
| 245 | _aRepair or renewal | ||
| 260 | _c1987 | ||
| 350 | _a0 | ||
| 490 |
_aLaw Society`s Gazette _v84(29) 29 July 1987, 2253-2254(2) |
||
| 520 | _aA review of cases which consider the meaning of ` repair ` in the context of landlord and tenant legislation. | ||
| 650 | _aREPAIRING COVENANTS | ||
| 690 |
_aLandlord and tenant _96252 |
||
| 942 | _n0 | ||
| 948 | _c04/03/1997 | ||
| 999 |
_c5277 _d5277 |
||